000 00211nam a22000857a 4500
008 161216b xxu||||| |||| 00| 0 eng d
100 _92088
_aSha
245 _aHindi Story
260 _aNew Delhi
_bM.N. Publications
_c2011
999 _c4967
_d4967